ARRUPE JESUIT UNIVERSITY

CORONAVIRUS -STOP THE SPREAD - CLEAN,DISINFECT,COVER

The Caribbean Artists Movement, 1966-1972 : (Record no. 124536)

MARC details
000 -LEADER
fixed length control field 01113cam a2200289 a 4500
001 - CONTROL NUMBER
control field 1583725
003 - CONTROL NUMBER IDENTIFIER
control field ARRUPE
005 - DATE AND TIME OF LATEST TRANSACTION
control field 20160407095545.0
008 - FIXED-LENGTH DATA ELEMENTS--GENERAL INFORMATION
fixed length control field 940316s1992 enka b 001 0 eng
010 ## - LIBRARY OF CONGRESS CONTROL NUMBER
LC control number 93118034
020 ## - INTERNATIONAL STANDARD BOOK NUMBER
International Standard Book Number 187320101X
020 ## - INTERNATIONAL STANDARD BOOK NUMBER
International Standard Book Number 1873201060 (pbk)
040 ## - CATALOGING SOURCE
Original cataloging agency DLC
Transcribing agency DLC
Modifying agency DLC
043 ## - GEOGRAPHIC AREA CODE
Geographic area code e-uk---
-- nw-----
050 00 - LIBRARY OF CONGRESS CALL NUMBER
Classification number NX543
Item number .W35 1992
300 ## - PHYSICAL DESCRIPTION
Other physical details ill. (some col.) ;
Dimensions 24 cm.
100 1# - MAIN ENTRY--PERSONAL NAME
Personal name Walmsley, Anne.
9 (RLIN) 23568
245 14 - TITLE STATEMENT
Title The Caribbean Artists Movement, 1966-1972 :
Remainder of title a literary & cultural history /
Statement of responsibility, etc Anne Walmsley.
260 ## - PUBLICATION, DISTRIBUTION, ETC. (IMPRINT)
Place of publication, distribution, etc London :
Name of publisher, distributor, etc New Beacon Books,
Date of publication, distribution, etc 1992.
300 ## - PHYSICAL DESCRIPTION
Extent xx, 356 :
504 ## - BIBLIOGRAPHY, ETC. NOTE
Bibliography, etc Includes bibliographical references (p. 341-346) and index.
610 20 - SUBJECT ADDED ENTRY--CORPORATE NAME
Corporate name or jurisdiction name as entry element Caribbean Artists Movement
General subdivision History.
9 (RLIN) 23569
650 #0 - SUBJECT ADDED ENTRY--TOPICAL TERM
Topical term or geographic name as entry element Arts, British
General subdivision West Indian influences.
9 (RLIN) 23570
650 #0 - SUBJECT ADDED ENTRY--TOPICAL TERM
Topical term or geographic name as entry element Artists, Black
Geographic subdivision Great Britain
General subdivision History.
9 (RLIN) 23571
906 ## - LOCAL DATA ELEMENT F, LDF (RLIN)
a 7
b cbu
c orignew
d 3
e ncip
f 19
g y-gencatlg
942 ## - ADDED ENTRY ELEMENTS (KOHA)
Source of classification or shelving scheme Library of Congress Classification
Koha item type Monograph ( Printed materials)
Holdings
Withdrawn status Lost status Source of classification or shelving scheme Damaged status Not for loan Collection code Home library Current library Shelving location Date acquired Total Checkouts Full call number Barcode Date last seen Price effective from Koha item type
    Library of Congress Classification     Main Collection ARRUPE LIBRARY ARRUPE LIBRARY Main Collection 06/04/2016   NX543 .W35 1992 46500007018 04/07/2018 06/04/2016 Monograph ( Printed materials)

 

Arrupe Library. PO Box MP320 Mt Pleasant, Harare, Zimbabwe
263 242 745411|librarian@aju.ac.zw